| 000 | 00325 a2200133 4500 | ||
|---|---|---|---|
| 001 | 86572 | ||
| 082 | _a398.2 LOK | ||
| 090 |
_c40749 _d40749 |
||
| 100 | _aLok Virsa | ||
| 245 |
_aHUNZA, The Legendary land V-6 (Only VCD) _hEnglish |
||
| 250 | _aV-6 | ||
| 260 |
_aIslamabad _bLok Virsa Islamabad _c2012 |
||
| 500 | _aLok Virsa | ||
| 942 |
_aCAENUST _k398.2 LOK |
||
| 999 |
_c321645 _d321645 |
||